Adilah HIDUP Baik-Baik /

Bibliographic Details
Main Author: Aizam Aiman (Author)
Format: Book
Language:Malay
Published: Seri Kembangan, Selangor : : DY Kreatif Network, 2020
Subjects:

MARC

LEADER 00000cam a2200000 7i4500
001 0000140248
005 20210408.0
008 210408t20202019my x f may d
020 |a 9789670844077 (  |q paperback) ,   |c RM17.00 
040 |a PERPUSTAM   |b eng   |c PERPUSTAM   |e rda 
090 0 0 |a 899.2333   |b AIZ 
100 0 |a Aizam Aiman, ,   |e author. 
245 1 0 |a Adilah HIDUP Baik-Baik /   |c AIZAM AIMAN 
264 1 |a Seri Kembangan, Selangor : :   |b DY Kreatif Network,   |c 2020 
264 4 |c ©2019 
300 |a 212 pages ; ;   |c 19 cm. 
336 |a text  |2 rdacontent 
337 |a unmediated  |2 rdamedia 
338 |a volume  |2 rdacarrier 
650 1 4 |a Malaysian fiction (Malay) 
650 2 0 |a Malay fiction 
999 |a 0000693958   |b Buku   |c Rak Terbuka   |e Perbadanan Perpustakaan Awam Melaka 
999 |a 0000693959   |b Buku   |c Rak Terbuka   |e Perbadanan Perpustakaan Awam Melaka 
999 |a 0000693960   |b Buku   |c Rak Terbuka   |e Perbadanan Perpustakaan Awam Melaka 
999 |a 0000693961   |b Buku   |c Rak Terbuka   |e Perpustakaan Cawangan Masjid Tanah 
999 |a 0000693962   |b Buku   |c Rak Terbuka   |e Perpustakaan Cawangan Merlimau 
999 |a 0000693963   |b Buku   |c Rak Terbuka   |e Perpustakaan Cawangan Jasin 
999 |a 0000693964   |b Buku   |c Rak Terbuka   |e Perpustakaan Komuniti UTC Melaka 
999 |a 0000693965   |b Buku   |c Rak Terbuka   |e Perbadanan Perpustakaan Awam Melaka 
999 |a 0000693966   |b Buku   |c Rak Terbuka   |e Perbadanan Perpustakaan Awam Melaka 
999 |a 0000693967   |b Buku   |c Rak Terbuka   |e Perbadanan Perpustakaan Awam Melaka 
999 |a 0000693968   |b Buku   |c Rak Terbuka   |e Perbadanan Perpustakaan Awam Melaka 
999 |a 0000693969   |b Buku   |c Rak Terbuka   |e Perbadanan Perpustakaan Awam Melaka 
999 |a 0000693970   |b Buku   |c Rak Terbuka   |e Perbadanan Perpustakaan Awam Melaka 
999 |a 0000693971   |b Buku   |c Rak Terbuka   |e Perbadanan Perpustakaan Awam Melaka 
999 |a 0000693972   |b Buku   |c Rak Terbuka   |e Perbadanan Perpustakaan Awam Melaka 
999 |a 0000693973   |b Buku   |c Rak Terbuka   |e Perbadanan Perpustakaan Awam Melaka 
999 |a 0000693974   |b Buku   |c Rak Terbuka   |e Perbadanan Perpustakaan Awam Melaka 
999 |a 0000693975   |b Buku   |c Rak Terbuka   |e Perpustakaan Desa Asahan 
999 |a 0000693976   |b Buku   |c Rak Terbuka   |e Perpustkaan Desa Lubuk China 
999 |a 0000693977   |b Buku   |c Rak Terbuka   |e PK Aeon Jaya Jusco 
999 |a 0000693978   |b Buku   |c Rak Terbuka   |e Perbadanan Perpustakaan Awam Melaka 
999 |a 0000693979   |b Buku   |c Rak Terbuka   |e Perbadanan Perpustakaan Awam Melaka